[Event "BCF-chT4 1516 (4NCL)"]
[Site "England"]
[Date "2016.01.17"]
[Round "4.38"]
[White "Jones, Howard"]
[Black "Paul, Christopher"]
[Result "1-0"]
[WhiteElo "1585"]
[BlackElo "1600"]
[PlyCount "97"]
[EventDate "2015.11.14"]
[EventType "team-swiss"]
[EventRounds "11"]
[EventCountry "ENG"]
[SourceTitle "EXT 2017"]
[Source "ChessBase"]
[SourceDate "2016.10.25"]
[SourceVersion "1"]
[SourceVersionDate "2016.10.25"]
[SourceQuality "1"]
[WhiteTeam "Throw in the Tal II"]
[BlackTeam "Shropshire III"]
[WhiteTeamCountry "ENG"]
[BlackTeamCountry "ENG"]

1. Nf3 Nf6 2. g3 d5 3. Bg2 Bf5 4. d3 Nc6 5. 0-0 e6 6. Nh4 Bg6 7. Nxg6 hxg6 8. Nd2 Bd6 9. e4 dxe4 10. dxe4 e5 11. Re1 Qd7 12. c3 Bc5 13. Nf1 0-0-0 14. Qxd7+ Rxd7 15. Be3 Bxe3 16. Rxe3 Kb8 17. Bf3 Rhd8 18. Ree1 Rd6 19. Rac1 Nh7 20. Bg2 Ng5 21. h4 Ne6 22. Bf3 Rd3 23. Be2 R3d6 24. Red1 Rxd1 25. Rxd1 Rxd1 26. Bxd1 Nc5 27. Bc2 Ne7 28. Ne3 c6 29. b4 Ne6 30. Bb3 Kc7 31. Bxe6 fxe6 32. Nc4 a6 33. Kg2 b5 34. Nxe5 Kd6 35. Nf7+ Kc7 36. Kf3 Nc8 37. Ne5 Nd6 38. Ke3 a5 39. Kd4 Kb6 40. bxa5+ Kxa5 41. Nxc6+ Ka4 42. Nb4 Nc4 43. Nc2 Ka5 44. Ne3 Nd2 45. Kd3 Nf3 46. Nc2 Kb6 47. Nd4 Ne5+ 48. Ke2 Kc5 49. f4 1-0